Les villes les plus turques de France - Statistiques

Statistiques générales
  • Ce quiz a été pris 61 fois
  • Le résultat moyen est 6 sur 10
Statistiques - réponses
Ville % Correct
9 Marseille
95%
4 Paris
95%
2 Lyon
93%
5 Strasbourg
88%
7 Metz
59%
8 Nancy
57%
3 Mulhouse
55%
10 Nantes
54%
1 Saint-Denis
29%
6 Annemasse
5%
Aucun quiz correspondant
Distribution des résultats
% des personnes avec chaque résultat
Percentile par nombre de réponses
Votre historique - résultats
Vous n’avez pas pris ce quiz